BSOP header

不能愛的男人 Men who can't love : (Record no. 14331)

MARC details
000 -LEADER
fixed length control field 00768nam a2200181 4500
008 - FIXED-LENGTH DATA ELEMENTS--GENERAL INFORMATION
fixed length control field 030219s1998 ch chi
020 ## - INTERNATIONAL STANDARD BOOK NUMBER
International Standard Book Number 9578031777
090 ## - LOCALLY ASSIGNED LC-TYPE CALL NUMBER (OCLC); LOCAL CALL NUMBER (OCLC)
Classification number (OCLC) (R) ; Classification number, CALL (RLIN) (NR) HQ801
Local cutter number (OCLC) ; Book number/undivided call number, CALL (RLIN) C24m
-- 1998
100 1# - MAIN ENTRY--PERSONAL NAME
Personal name 史帝文‧卡特,茱莉亞‧蘇柯/著 Carter, Steven
245 10 - TITLE STATEMENT
Title 不能愛的男人 Men who can't love :
Remainder of title when a men's fear makes him run from commitment (and what smart woman can do about it) {ch} /
Statement of responsibility, etc Steven Carter and Julia Sokol.
260 ## - PUBLICATION, DISTRIBUTION, ETC. (IMPRINT)
Place of publication, distribution, etc Taipei :
Name of publisher, distributor, etc 平安文化 Pin's Publications,
Date of publication, distribution, etc c1998.
650 #4 - SUBJECT ADDED ENTRY--TOPICAL TERM
Topical term or geographic name as entry element Interpersonal relations{ch}.
650 #4 - SUBJECT ADDED ENTRY--TOPICAL TERM
Topical term or geographic name as entry element Love{ch}.
650 #4 - SUBJECT ADDED ENTRY--TOPICAL TERM
Topical term or geographic name as entry element Men
General subdivision Psychology{ch}.
650 #4 - SUBJECT ADDED ENTRY--TOPICAL TERM
Topical term or geographic name as entry element 兩性之間 Marriage counseling{ch}.
951 ## - EQUIVALENCE OR CROSS-REFERENCE-GEOGRAPHIC NAME/AREA NAME [OBSOLETE] [CAN/MARC only]
General subdivision 00026804
700 1# - ADDED ENTRY--PERSONAL NAME
Personal name Sokol, Julia
951 ## - EQUIVALENCE OR CROSS-REFERENCE-GEOGRAPHIC NAME/AREA NAME [OBSOLETE] [CAN/MARC only]
-- C-4354
-- HQ801/C24m/1998
-- 070613111213093
-- 2000-12-21
-- CH
Holdings
Withdrawn status Lost status Damaged status Not for loan Home library Current library Shelving location Date acquired Accession number Shelving control number Total Checkouts Full call number Barcode Date last seen Price effective from Koha item type
        BSOP Library BSOP Library Chinese Books (General Circulation) 12/21/2000 C-4354 127   HQ801/C24m/1998 00026804 02/23/2013 02/23/2013 Books
BSOP

Biblical Seminary of the Philippines
  All rights Reserved
  © 2024

CONTACT INFORMATION

Biblical Seminary of the Philippines,
  77-B Karuhatan Road, Valenzuela City,
  PHILIPPINES 1441
  Phone: +632 8292-6795 / 8292-6798
  Fax : +632 8292-6675
  Email: library@bsop.edu.ph